Elementary statistics in social research essentials / (Record no. 99274)
[ view plain ]
| 000 -LEADER | |
|---|---|
| fixed length control field | 00873nam a22002657a 4500 |
| 003 - CONTROL NUMBER IDENTIFIER | |
| control field | URS |
| 005 - DATE AND TIME OF LATEST TRANSACTION | |
| control field | 20260326151013.0 |
| 008 - FIXED-LENGTH DATA ELEMENTS--GENERAL INFORMATION | |
| fixed length control field | 260324b |||||||| |||| 00| 0 eng d |
| 020 ## - INTERNATIONAL STANDARD BOOK NUMBER | |
| International Standard Book Number | 9789814604062 |
| 040 ## - CATALOGING SOURCE | |
| Original cataloging agency | DLC |
| Language of cataloging | eng |
| Transcribing agency | DLC |
| Modifying agency | URS |
| Description conventions | rda |
| 050 14 - LIBRARY OF CONGRESS CALL NUMBER | |
| Classification number | HA29 |
| Item number | .L5783 2014 |
| 100 1# - MAIN ENTRY--PERSONAL NAME | |
| Personal name | Levin, Jack |
| 245 ## - TITLE STATEMENT | |
| Title | Elementary statistics in social research essentials / |
| Statement of responsibility, etc. | Jack Levin and James Alan Fox.- |
| 250 ## - EDITION STATEMENT | |
| Edition statement | Third edition- |
| 264 #1 - PRODUCTION, PUBLICATION, DISTRIBUTION, MANUFACTURE, AND COPYRIGHT NOTICE | |
| Place of production, publication, distribution, manufacture | Singapore: |
| Name of producer, publisher, distributor, manufacturer | Pearson Education Limited, |
| Date of production, publication, distribution, manufacture, or copyright notice | c2014. |
| 300 ## - PHYSICAL DESCRIPTION | |
| Extent | 355 pages: |
| Other physical details | illustrations; |
| Dimensions | 27 cm |
| 336 ## - CONTENT TYPE | |
| Source | rdacontent |
| Content type term | text |
| Content type code | txt |
| 337 ## - MEDIA TYPE | |
| Source | rdamedia |
| Media type term | unmediated |
| Media type code | n |
| 338 ## - CARRIER TYPE | |
| Source | rdacarrier |
| Carrier type term | volume |
| Carrier type code | nc |
| 504 ## - BIBLIOGRAPHY, ETC. NOTE | |
| Bibliography, etc. note | Includes index. |
| 650 #0 - SUBJECT ADDED ENTRY--TOPICAL TERM | |
| Topical term or geographic name entry element | Social sciences |
| General subdivision | Statistical methods |
| 650 #0 - SUBJECT ADDED ENTRY--TOPICAL TERM | |
| Topical term or geographic name entry element | Statistics |
| 700 1# - ADDED ENTRY--PERSONAL NAME | |
| Personal name | Fox, James Alan |
| 942 ## - ADDED ENTRY ELEMENTS (KOHA) | |
| Source of classification or shelving scheme | Library of Congress Classification |
| Koha item type | Foreign Books |
| Edition | third edition |
| Classification part | HA29 |
| Item part | .L5783 2014 |
| Withdrawn status | Source of classification or shelving scheme | Damaged status | Not for loan | Home library | Current library | Shelving location | Date acquired | Total Checkouts | Full call number | Barcode | Date last seen | Copy number | Price effective from | Koha item type |
|---|---|---|---|---|---|---|---|---|---|---|---|---|---|---|
| Library of Congress Classification | Angono College Library | Angono College Library | Foreign Section | 03/24/2026 | HA29 .L5783 2014 | URSANG-4998 | 03/24/2026 | 1 | 03/24/2026 | Foreign Books | ||||
| Library of Congress Classification | Angono College Library | Angono College Library | Foreign Section | 03/24/2026 | HA29 .L5783 2014 | URSANG-4999 | 03/24/2026 | 2 | 03/24/2026 | Foreign Books |